000 00706nam a2200265Ia 4500
003 OSt
005 20220918224724.0
006 a|||||r|||| 00| 0
007 ta
008 220917b |||||||| |||| 00| 0 eng d
024 _a233,727
037 _cTextual
040 _aARTS
_cARTS
_beng
041 _2eng
_aeng
082 _aV6v'M48<-J, G9
100 _aLittlefield Henry W.
_9112718
245 0 _aHistory of Europe 1500 - 1848
250 _a5th
260 _aNew York
_bBarnes & Noble Inc U.S.A
_c1874
300 _a181p.
_ccm.
490 _aCollege outline series
650 _aHISTORY
942 _hV6v'M48<-J, G9
_cTEXL
_2CC
999 _c282109
_d282109